| 000 | 01644nam a2200313Ia 4500 | ||
|---|---|---|---|
| 001 | ebr10072146 | ||
| 003 | CaPaEBR | ||
| 006 | m u | ||
| 007 | cr cn||||||||| | ||
| 008 | 050321s1996 dcua sb 000 0 eng d | ||
| 040 |
_aCaPaEBR _cCaPaEBR |
||
| 035 | _a(OCoLC)567838408 | ||
| 050 | 1 | 4 |
_aTA418.74 _b.A33 1996eb |
| 082 | 0 | 4 |
_a620.11223 _222 |
| 245 | 0 | 0 |
_aAccelerated aging of materials and structures _h[electronic resource] : _bthe effects of long-term elevated-temperature exposure / _cCommittee on Evaluation of Long-Term Aging of Materials and Structures Using Accelerated Test Methods, National Materials Advisory Board, Commission on Engineering and Technical Systems, National Research Council. |
| 260 |
_aWashington, D.C. : _bNational Academy Press, _c1996. |
||
| 300 |
_axi, 53 p. : _bill. |
||
| 490 | 1 |
_aPublication NMAB ; _v479 |
|
| 504 | _aIncludes bibliographical references (p. 45-52). | ||
| 533 |
_aElectronic reproduction. _bPalo Alto, Calif. : _cebrary, _d2009. _nAvailable via World Wide Web. _nAccess may be limited to ebrary affiliated libraries. |
||
| 650 | 0 | _aMetallic composites. | |
| 650 | 0 |
_aMaterials _xDeterioration. |
|
| 650 | 0 |
_aAirplanes _xMaterials _xDeterioration. |
|
| 655 | 7 |
_aElectronic books. _2local |
|
| 710 | 2 |
_aNational Research Council (U.S.). _bNational Materials Advisory Board. _bCommittee on Evaluation of Long-Term Aging of Materials and Structures Using Accelerated Test Methods. |
|
| 710 | 2 | _aebrary, Inc. | |
| 830 | 0 |
_aPublication NMAB ; _v479. |
|
| 856 | 4 | 0 |
_uhttp://site.ebrary.com/lib/rucke/Doc?id=10072146 _zAn electronic book accessible through the World Wide Web; click to view |
| 999 |
_c44525 _d44525 |
||